Pays avec l'altitude maximale la plus basse - Statistiques

Statistiques générales
  • Ce quiz a été pris 9 769 fois
  • Le résultat moyen est 11 sur 20
Statistiques - réponses
m Continent Pays % Correct
5 Océanie Tuvalu
73%
71 Océanie Nauru
70%
75 Europe Vatican
70%
161 Europe Monaco
69%
253 Europe Malte
66%
10 Océanie Îles Marshall
64%
81 Océanie Kiribati
63%
5 Asie Maldives
60%
242 Océanie Palaos
60%
164 Asie Singapour
56%
318 Europe Estonie
52%
312 Europe Lettonie
52%
171 Europe Danemark
51%
294 Europe Lituanie
51%
63 Amérique du Nord Bahamas
50%
103 Asie Qatar
50%
122 Asie Bahreïn
48%
306 Asie Koweït
44%
64 Afrique Gambie
33%
300 Afrique Guinée-Bissau
22%
Aucun quiz correspondant
Distribution des résultats
% des personnes avec chaque résultat
Percentile par nombre de réponses
Votre historique - résultats
Vous n’avez pas pris ce quiz